[Event "Uljanovsk Volga op"]
[Site "Uljanovsk"]
[Date "2011.01.06"]
[Round "7"]
[White "Anikin, Victor"]
[Black "Lukianov, Alexander"]
[Result "0-1"]
[WhiteElo "1862"]
[BlackElo "1894"]
[PlyCount "58"]
[EventDate "2011.01.03"]
[EventType "swiss"]
[EventRounds "9"]
[EventCountry "RUS"]
[SourceTitle "CBM 140 Extra"]
[Source "ChessBase"]
[SourceDate "2011.03.01"]
[SourceVersion "1"]
[SourceVersionDate "2011.03.01"]
[SourceQuality "1"]

1. g3 Nf6 2. Bg2 e6 3. f4 d5 4. Nf3 Bc5 5. c3 0-0 6. b4 Bb6 7. a4 a6 8. e3 Nbd7 9. Ba3 Re8 10. 0-0 Ne4 11. Qe2 c5 12. d3 Nd6 13. Nbd2 cxb4 14. cxb4 Nf6 15. Ne5 Bd7 16. b5 Nf5 17. d4 Rc8 18. Rac1 axb5 19. Rxc8 Qxc8 20. axb5 Qc3 21. Bc5 Bxc5 22. dxc5 Qxc5 23. Nxd7 Nxd7 24. Re1 Ra8 25. g4 Nd6 26. Nb3 Qc3 27. Nd4 Nc4 28. g5 Ra2 29. Qf2 Qxe1+ 0-1

[Event "Uljanovsk op"]
[Site "Uljanovsk"]
[Date "2010.01.09"]
[Round "8"]
[White "Anikin, Victor"]
[Black "Triapkin, Pavel"]
[Result "0-1"]
[WhiteElo "1891"]
[BlackElo "2359"]
[PlyCount "30"]
[EventDate "2010.01.04"]
[EventType "swiss"]
[EventRounds "9"]
[EventCountry "RUS"]
[SourceTitle "CBM 134 Extra"]
[Source "ChessBase"]
[SourceDate "2010.03.03"]
[SourceVersion "1"]
[SourceVersionDate "2010.03.03"]
[SourceQuality "1"]

1. d4 Nf6 2. Nf3 c5 3. d5 e6 4. c4 b5 5. b3 Nxd5 6. cxd5 Qf6 7. Nd4 cxd4 8. Bb2 Bb4+ 9. Nd2 exd5 10. Qc2 Nc6 11. a3 Bc3 12. Rc1 b4 13. f3 0-0 14. a4 Re8 15. Kd1 d3 0-1

[Event "Uljanovsk Cup"]
[Site "Uljanovsk"]
[Date "2009.12.13"]
[Round "6"]
[White "Anikin, Victor"]
[Black "Tsai, Roman"]
[Result "0-1"]
[WhiteElo "1891"]
[BlackElo "1896"]
[PlyCount "148"]
[EventDate "2009.12.05"]
[EventType "swiss"]
[EventRounds "9"]
[EventCountry "RUS"]
[SourceTitle "EXT 2012"]
[Source "ChessBase"]
[SourceDate "2011.11.24"]
[SourceVersion "1"]
[SourceVersionDate "2011.11.24"]
[SourceQuality "1"]

1. Nf3 Nf6 2. d4 d5 3. e3 Bf5 4. Nbd2 Nbd7 5. c4 c6 6. Qb3 Qc7 7. Qc3 e6 8. a3 Be7 9. b4 0-0 10. Bb2 h6 11. Rc1 Rfc8 12. Bd3 Ne4 13. Bxe4 dxe4 14. Ne5 Nb6 15. h3 Na4 16. Qc2 Nxb2 17. Qxb2 a5 18. c5 axb4 19. axb4 b5 20. Nb3 f6 21. Ng4 Bxg4 22. hxg4 Bd8 23. 0-0 Qd7 24. Nd2 Qd5 25. Ra1 Bc7 26. Qc2 f5 27. f3 exf3 28. gxf3 f4 29. Qd3 Be5 30. Qe4 fxe3 31. Qxd5 exd5 32. Nb3 Rxa1 33. Rxa1 Bf6 34. Kf1 Re8 35. Ke2 Kf7 36. Ra7+ Re7 37. Ra6 Re6 38. Ra2 Ke8 39. Kd3 Bg5 40. Nc1 Ke7 41. Ra7+ Kf6 42. Ne2 Bh4 43. Nf4 e2 44. Nxe2 Be1 45. Rc7 Bf2 46. f4 g6 47. Rc8 Re3+ 48. Kd2 Re6 49. f5 gxf5 50. Rf8+ Kg5 51. Rxf5+ Kxg4 52. Rxf2 h5 53. Rg2+ Kf3 54. Rh2 h4 55. Rh3+ Kg4 56. Rh2 Kf3 57. Ke1 Re4 58. Kf1 Ke3 59. Ke1 Kd3 60. Rh3+ Kc4 61. Kd2 Kxb4 62. Kd3 Kb3 63. Ng1 Rg4 64. Ne2 b4 65. Rh2 Ka3 66. Kc2 b3+ 67. Kb1 Re4 68. Kc1 Kb4 69. Kd2 Kc4 70. Rh1 b2 71. Rb1 Kb3 72. Kd3 Rxe2 73. Kxe2 Kc2 74. Rh1 b1Q 0-1

[Event "Uljanovsk Cup"]
[Site "Uljanovsk"]
[Date "2009.12.06"]
[Round "2"]
[White "Anikin, Victor"]
[Black "Zhdanov, Eduard"]
[Result "0-1"]
[WhiteElo "1891"]
[BlackElo "2034"]
[PlyCount "108"]
[EventDate "2009.12.05"]
[EventType "swiss"]
[EventRounds "9"]
[EventCountry "RUS"]
[SourceTitle "EXT 2012"]
[Source "ChessBase"]
[SourceDate "2011.11.24"]
[SourceVersion "1"]
[SourceVersionDate "2011.11.24"]
[SourceQuality "1"]

1. d4 Nf6 2. Nf3 g6 3. h4 Bg7 4. Nbd2 d6 5. e4 0-0 6. Be2 c5 7. c3 cxd4 8. cxd4 Qa5 9. 0-0 Bg4 10. Nc4 Qd8 11. Qd3 Nc6 12. a3 d5 13. exd5 Nxd5 14. Nce5 Bf5 15. Qb5 Nxe5 16. dxe5 Qd7 17. Rd1 Qxb5 18. Bxb5 Rfd8 19. Bd2 Rac8 20. Re1 Rc2 21. b3 Nc7 22. Bc4 Rcxd2 23. Nxd2 Rxd2 24. Rac1 Rd7 25. f3 h5 26. f4 Bg4 27. Re3 e6 28. Rd3 Nd5 29. Rd4 f6 30. Re1 fxe5 31. fxe5 Bf8 32. b4 Be7 33. g3 Bd8 34. Kh2 Kf7 35. Bxd5 Rxd5 36. Rf1+ Bf5 37. Rfd1 Rxd4 38. Rxd4 Ke7 39. Rc4 Kd7 40. Rd4+ Kc8 41. Rc4+ Bc7 42. Rc1 Kd7 43. Re1 Kc6 44. Rc1+ Kb6 45. Rc5 a6 46. Kg2 Be4+ 47. Kf2 Bd5 48. a4 Bxe5 49. a5+ Ka7 50. Rc8 Bd4+ 51. Ke2 Be4 52. Rc4 e5 53. Rc8 Bf5 54. Kf3 Bxc8 0-1

[Event "Uljanovsk op"]
[Site "Uljanovsk"]
[Date "2009.08.29"]
[Round "8"]
[White "Anikin, Victor"]
[Black "Gabunov, Fail"]
[Result "1/2-1/2"]
[WhiteElo "1880"]
[BlackElo "1940"]
[PlyCount "71"]
[EventDate "2009.08.26"]
[EventType "swiss"]
[EventRounds "9"]
[EventCountry "RUS"]
[SourceTitle "CBM 132 Extra"]
[Source "ChessBase"]
[SourceDate "2009.11.03"]
[SourceVersion "1"]
[SourceVersionDate "2009.11.03"]
[SourceQuality "1"]

1. Nf3 Nf6 2. g3 Nc6 3. d4 d5 4. Bg2 h6 5. 0-0 Bf5 6. a3 Qc8 7. b4 Bh3 8. Re1 Bxg2 9. Kxg2 Qg4 10. h3 Qd7 11. Ne5 Qe6 12. Bb2 g5 13. f3 Nh5 14. Nxc6 Qxc6 15. e4 Bg7 16. e5 0-0-0 17. Nc3 f5 18. f4 Qg6 19. Qd3 gxf4 20. g4 Ng3 21. Bc1 Ne4 22. Bxf4 fxg4 23. h4 Rhf8 24. Nxe4 dxe4 25. Qxe4 Qxe4+ 26. Rxe4 h5 27. Bg5 Kd7 28. d5 Rf5 29. Bf4 Rxf4 30. Rxf4 Bxe5 31. Raf1 Bxf4 32. Rxf4 Rh8 33. c4 Rh6 34. Rf5 c6 35. Kg3 cxd5 36. Rxd5+ 1/2-1/2

[Event "Uljanovsk Petrosian Memorial op"]
[Site "Uljanovsk"]
[Date "2009.07.28"]
[Round "7"]
[White "Mukhin, Alexander"]
[Black "Anikin, Victor"]
[Result "1-0"]
[WhiteElo "2178"]
[BlackElo "1881"]
[PlyCount "73"]
[EventDate "2009.06.20"]
[EventType "swiss"]
[EventRounds "9"]
[EventCountry "RUS"]
[SourceTitle "EXT 2012"]
[Source "ChessBase"]
[SourceDate "2011.11.24"]
[SourceVersion "1"]
[SourceVersionDate "2011.11.24"]
[SourceQuality "1"]

1. e4 c6 2. d3 d5 3. e5 Be6 4. Qe2 Nd7 5. h3 Qc7 6. Nf3 h6 7. Bf4 g5 8. Bg3 c5 9. Nc3 a6 10. d4 b5 11. a4 b4 12. Nxd5 Qb7 13. Ne3 cxd4 14. Nxd4 Bg7 15. Nxe6 fxe6 16. Qh5+ Kf8 17. Bc4 Qc6 18. Bxe6 Qxe6 19. Qf3+ Ke8 20. Qxa8+ Kf7 21. Qf3+ Ke8 22. Qd5 Kf7 23. 0-0-0 Nxe5 24. Rhe1 Qxd5 25. Rxd5 Nf6 26. Ra5 Ng8 27. Rd5 Ng6 28. Ra5 Nf6 29. Rxa6 Ne4 30. Nf5 Nxg3 31. Nxg7 Kxg7 32. fxg3 e5 33. Rc6 Re8 34. Ra6 Rh8 35. Rb6 Rf8 36. Rxb4 Rf2 37. a5 1-0

[Event "Uljanovsk Petrosian Memorial op"]
[Site "Uljanovsk"]
[Date "2009.07.05"]
[Round "9"]
[White "Zhdanov, Eduard"]
[Black "Anikin, Victor"]
[Result "1-0"]
[WhiteElo "1975"]
[BlackElo "1881"]
[PlyCount "70"]
[EventDate "2009.06.20"]
[EventType "swiss"]
[EventRounds "9"]
[EventCountry "RUS"]
[SourceTitle "EXT 2012"]
[Source "ChessBase"]
[SourceDate "2011.11.24"]
[SourceVersion "1"]
[SourceVersionDate "2011.11.24"]
[SourceQuality "1"]

1. d4 c6 2. Nf3 d5 3. g3 Nd7 4. Bg2 f6 5. Bf4 g6 6. 0-0 Bh6 7. Qc1 g5 8. Bd2 Bg7 9. Re1 Nf8 10. c4 dxc4 11. Qxc4 Be6 12. Qa4 Qd7 13. Bc3 h5 14. h4 gxh4 15. Nxh4 Nh6 16. Nd2 Nf5 17. Ndf3 Nd6 18. e4 Nc4 19. Bf1 b5 20. Qc2 Rg8 21. b3 Nb6 22. Rad1 a5 23. Bb2 a4 24. Qc5 Qb7 25. Nd2 axb3 26. axb3 Ra2 27. Ba3 Bg4 28. Be2 Ne6 29. Qb4 Bxe2 30. Rxe2 Nxd4 31. Qxd4 Rxa3 32. Qc5 Ra2 33. Qxh5+ Kd8 34. Nb1+ Kc8 35. Rxa2 c5 1-0

[Event "Uljanovsk Petrosian Memorial op"]
[Site "Uljanovsk"]
[Date "2009.06.27"]
[Round "5"]
[White "Naumetov, Robert"]
[Black "Anikin, Victor"]
[Result "0-1"]
[WhiteElo "1937"]
[BlackElo "1881"]
[PlyCount "89"]
[EventDate "2009.06.20"]
[EventType "swiss"]
[EventRounds "9"]
[EventCountry "RUS"]
[SourceTitle "EXT 2012"]
[Source "ChessBase"]
[SourceDate "2011.11.24"]
[SourceVersion "1"]
[SourceVersionDate "2011.11.24"]
[SourceQuality "1"]

1. d4 e6 2. e4 d5 3. Nc3 c6 4. Nf3 f6 5. Bd3 b6 6. 0-0 Ba6 7. Bxa6 Nxa6 8. Qe2 Nc7 9. Bf4 Bd6 10. e5 fxe5 11. Nxe5 Ne7 12. Rad1 0-0 13. Bg3 Qe8 14. Rfe1 Nf5 15. Rd3 Nxg3 16. Rxg3 Rf5 17. Qg4 Bxe5 18. Rxe5 Qf7 19. Rxf5 exf5 20. Qf4 Ne6 21. Qd2 f4 22. Rd3 Re8 23. Ne2 Ng5 24. h4 f3 25. hxg5 Rxe2 26. Qc3 fxg2 27. Rf3 Qe6 28. Qd3 Re1+ 29. Kxg2 Qg4+ 30. Rg3 Qe4+ 31. Qxe4 Rxe4 32. Rd3 Re6 33. b4 b5 34. a4 a6 35. axb5 axb5 36. Ra3 Kf7 37. Ra6 Kg6 38. Ra7 Re2 39. c3 Rc2 40. Kg3 Rxc3+ 41. Kf4 Rc2 42. f3 Rc4 43. Ke5 Rxb4 44. Rc7 Rc4 45. f4 0-1

[Event "Uljanovsk-ch"]
[Site "Uljanovsk"]
[Date "2009.03.14"]
[Round "1"]
[White "Tsai, Roman"]
[Black "Anikin, Victor"]
[Result "0-1"]
[WhiteElo "2090"]
[BlackElo "1881"]
[PlyCount "87"]
[EventDate "2009.03.14"]
[EventType "swiss"]
[EventRounds "9"]
[EventCountry "RUS"]
[SourceTitle "EXT 2010"]
[Source "ChessBase"]
[SourceDate "2010.11.25"]
[SourceVersion "1"]
[SourceVersionDate "2010.11.25"]
[SourceQuality "1"]

1. e4 c6 2. d4 d5 3. e5 Bf5 4. Be3 e6 5. a3 Nd7 6. Nf3 h6 7. Bd3 Ne7 8. 0-0 Qb6 9. b4 g5 10. c4 Bxd3 11. Qxd3 dxc4 12. Qxc4 Qd8 13. Nc3 Nb6 14. Qe2 a6 15. h3 Nbd5 16. Ne4 Ng6 17. Nc5 Qb6 18. Qc2 Rg8 19. Rab1 Be7 20. Bd2 Qc7 21. Rfc1 Rc8 22. a4 Bxc5 23. bxc5 Nge7 24. Rb3 Rb8 25. Rcb1 Rg6 26. a5 Kd7 27. Nh2 Nf5 28. Qd3 Kc8 29. g4 Nfe7 30. Nf1 Qd7 31. Ng3 Nc7 32. Ne4 Nb5 33. Nd6+ Kc7 34. Be3 Nd5 35. Rf1 Rbg8 36. Ne4 Qd8 37. Ng3 Kc8 38. Kh2 Qxa5 39. f4 gxf4 40. Bxf4 Qa2+ 41. Bd2 R8g7 42. Nh5 Rh7 43. Kg1 Nxd4 44. Rb4 0-1

[Event "Uljanovsk Cup op"]
[Site "Uljanovsk"]
[Date "2008.11.23"]
[Round "9"]
[White "Pirogov, Vladislav"]
[Black "Anikin, Victor"]
[Result "0-1"]
[WhiteElo "1615"]
[BlackElo "1898"]
[PlyCount "60"]
[EventDate "2008.11.15"]
[EventType "swiss"]
[EventRounds "9"]
[EventCountry "RUS"]
[SourceTitle "EXT 2022"]
[Source "ChessBase"]
[SourceDate "2021.10.06"]
[SourceVersion "1"]
[SourceVersionDate "2021.10.06"]
[SourceQuality "1"]

1. d4 b5 2. Nf3 Nf6 3. g3 Bb7 4. Bg2 e6 5. 0-0 Be7 6. Bg5 d6 7. e3 Nbd7 8. Nbd2 h6 9. Bxf6 Nxf6 10. Qe2 a6 11. c4 c6 12. Rfc1 0-0 13. Rc2 Ra7 14. Rac1 Qa8 15. b3 Nd7 16. c5 dxc5 17. dxc5 b4 18. Ne4 a5 19. Nfd2 Ba6 20. Qe1 Ne5 21. Bf1 Bd3 22. Bxd3 Nxd3 23. Qf1 Nxc1 24. Qxc1 Rd8 25. Nc4 Qb8 26. Ned6 a4 27. Ne5 Qa8 28. Nexf7 axb3 29. Nxd8 Bxd8 30. Rb2 bxa2 0-1

[Event "Uljanovsk Cup op"]
[Site "Uljanovsk"]
[Date "2008.11.22"]
[Round "8"]
[White "Agapchev, Andrey"]
[Black "Anikin, Victor"]
[Result "0-1"]
[WhiteElo "1698"]
[BlackElo "1898"]
[PlyCount "60"]
[EventDate "2008.11.15"]
[EventType "swiss"]
[EventRounds "9"]
[EventCountry "RUS"]
[SourceTitle "EXT 2022"]
[Source "ChessBase"]
[SourceDate "2021.10.06"]
[SourceVersion "1"]
[SourceVersionDate "2021.10.06"]
[SourceQuality "1"]

1. d4 d6 2. Nf3 g6 3. Bf4 Bg7 4. e3 c6 5. c3 Nf6 6. Bd3 Nh5 7. Bg5 h6 8. Bh4 g5 9. Bg3 Nxg3 10. hxg3 a5 11. Qc2 b6 12. Nbd2 Ba6 13. Bf5 e6 14. Bg4 Nd7 15. c4 Nf6 16. Bh5 Nxh5 17. Rxh5 Rc8 18. b3 c5 19. Rd1 Qe7 20. Ne4 f5 21. Nc3 g4 22. Ng1 cxd4 23. exd4 Qf7 24. Rh2 0-0 25. Na4 b5 26. Nb2 bxc4 27. bxc4 f4 28. Qe2 fxg3 29. fxg3 d5 30. Qxg4 Qf2# 0-1

[Event "Uljanovsk Cup op"]
[Site "Uljanovsk"]
[Date "2008.11.20"]
[Round "6"]
[White "Goncharov, Evgeniy"]
[Black "Anikin, Victor"]
[Result "1-0"]
[WhiteElo "1795"]
[BlackElo "1898"]
[PlyCount "71"]
[EventDate "2008.11.15"]
[EventType "swiss"]
[EventRounds "9"]
[EventCountry "RUS"]
[SourceTitle "EXT 2022"]
[Source "ChessBase"]
[SourceDate "2021.10.06"]
[SourceVersion "1"]
[SourceVersionDate "2021.10.06"]
[SourceQuality "1"]

1. Nf3 c5 2. e3 e6 3. b3 f5 4. Bb2 Nc6 5. Bb5 Nce7 6. 0-0 a6 7. Be2 d6 8. d4 b6 9. Nbd2 h6 10. dxc5 bxc5 11. Nc4 Nd5 12. Bd3 Ngf6 13. Nh4 Kf7 14. e4 fxe4 15. Be2 h5 16. g3 g5 17. Ng2 g4 18. Nge3 Rh7 19. a4 Bb7 20. Ng2 Be7 21. Nce3 Nxe3 22. fxe3 Kg8 23. Nf4 e5 24. Ng6 Rg7 25. Nh4 Kh7 26. c4 Rg5 27. Rf2 Bc8 28. Qc2 Be6 29. Raf1 Rb8 30. Rxf6 Bxf6 31. Qxe4+ Kg7 32. Bd3 Qh8 33. Bc2 Kf7 34. Qc6 Qd8 35. a5 Bxc4 36. Rf2 1-0

[Event "Uljanovsk Cup op"]
[Site "Uljanovsk"]
[Date "2008.11.19"]
[Round "5"]
[White "Vasiliev, Semen"]
[Black "Anikin, Victor"]
[Result "1-0"]
[WhiteElo "1703"]
[BlackElo "1898"]
[PlyCount "67"]
[EventDate "2008.11.15"]
[EventType "swiss"]
[EventRounds "9"]
[EventCountry "RUS"]
[SourceTitle "EXT 2022"]
[Source "ChessBase"]
[SourceDate "2021.10.06"]
[SourceVersion "1"]
[SourceVersionDate "2021.10.06"]
[SourceQuality "1"]

1. e4 c6 2. d4 d5 3. exd5 cxd5 4. c4 Nf6 5. Nc3 dxc4 6. Bxc4 e6 7. Nf3 a6 8. Bb3 Nbd7 9. 0-0 Nb6 10. Bg5 Be7 11. Ne5 0-0 12. f4 h6 13. Bxf6 Bxf6 14. Qd3 Bxe5 15. fxe5 Nd7 16. Bc2 g6 17. Ne4 Kg7 18. Nd6 Qg5 19. Rf3 h5 20. Raf1 f5 21. exf6+ Nxf6 22. Rg3 Ng4 23. h3 Rxf1+ 24. Qxf1 Qe7 25. Nxc8 Rxc8 26. Qd3 Qg5 27. hxg4 Qc1+ 28. Bd1 h4 29. Re3 Rc6 30. d5 exd5 31. Re7+ Kf8 32. Rxb7 Qc5+ 33. Kh1 Re6 34. Qf3+ 1-0